Villes les plus visitées de France - Statistiques

Statistiques générales
  • Ce quiz a été pris 1 093 fois
  • Le résultat moyen est 6 sur 10
Statistiques - réponses
Hint Réponse % Correct
30 millions Paris
100%
6 millions Lyon
95%
2,7 millions Bordeaux
89%
4,3 millions Nice
89%
3,1 millions Strasbourg
81%
5,6 millions Toulouse
79%
4 millions la Rochelle
27%
6 millions Lourdes
15%
3,2 millions Carcassonne
12%
3,5 millions Honfleur
2%
Aucun quiz correspondant
Distribution des résultats
% des personnes avec chaque résultat
Percentile par nombre de réponses
Votre historique - résultats
Vous n’avez pas pris ce quiz